[Event "JUG-ch"]
[Site "Belgrade"]
[Date "1999.??.??"]
[Round "8"]
[White "Maksimovic, Branimir"]
[Black "Pavlovic, Milos"]
[Result "1/2-1/2"]
[WhiteElo "2388"]
[BlackElo "2525"]

1.d4 Nf6 2.Bg5 Ne4 3.Bf4 c5 4.d5 e6 5.f3 Nf6 6.Nc3 d6 7.e4 a6 8.Qd2 exd5
9.Nxd5 Nxd5 10.Qxd5 Qf6 11.Bc1 Nc6 12.c3 Be6 13.Qg5 Qxg5 14.Bxg5 f6 15.Be3 d5
16.exd5 Bxd5 17.Nh3 O-O-O 18.Bd3 Ne5 19.Bf5+ Kc7 20.O-O-O Bxa2 21.Rxd8 Kxd8
22.Rd1+ Kc7 23.Bf4 g6 24.Bb1 Bc4 25.Bd3 Bxd3 26.Bxe5+ fxe5 27.Rxd3 c4 28.Rd5 Bd6
29.Ng5 Re8 30.Ne4 Re6 31.b3 cxb3 32.Kb2 Be7 33.c4 Rb6 34.Nc3 Bf6 35.c5 Re6
36.Kxb3 Kc6 37.Kc4 Be7 38.Ne4 h5 39.Rd3 a5 40.Rb3 Bd8 41.Nc3 b6 42.Rb5 bxc5
43.Rxc5+ Kd7 44.Ne4 Rc6 45.Kb5 Rxc5+ 46.Nxc5+ Ke7 47.Nb7 Bc7 48.Nxa5 Bxa5
49.Kxa5 e4 50.fxe4 Kd6 51.Kb4 Ke5 52.Kc3 Kxe4 53.Kd2 h4 54.Ke2 g5 55.h3  1/2-1/2

[Event "Budapest FS07 Elo"]
[Site "Budapest"]
[Date "1999.??.??"]
[Round "2"]
[White "Chapu, Laurent"]
[Black "Fliszar, Dezso"]
[Result "1-0"]
[WhiteElo "2050"]
[BlackElo "2010"]

1.d4 Nf6 2.Bg5 Ne4 3.Bf4 c5 4.f3 Qa5+ 5.c3 Nf6 6.d5 d6 7.e4 Nbd7 8.Nd2 b5
9.a4 bxa4 10.Nc4 Qc7 11.Qxa4 Nh5 12.Be3 g6 13.Bd3 Bg7 14.Ne2 O-O 15.O-O Nhf6
16.Rfc1 Nb6 17.Qa5 Nfd7 18.b4 Bb7 19.bxc5 dxc5 20.Bf4 Qd8 21.Rcb1 f5 22.exf5 Bxd5
23.Ne3 Bc6 24.fxg6 hxg6 25.Bxg6 e5 26.Qa2+ c4 27.Bg3 Qg5 28.Nxc4 Bd5 29.Bd3 Nc5
30.Qa5 Nxd3 31.Nxb6 Qe3+ 32.Kh1 Bc6 33.Qa2+ Kh8 34.Nxa8 Rxf3 35.Rb8+ Kh7
36.Qg8+ Kh6 37.Qe6+ Rf6 38.Qh3+ Kg6 39.Qg4+ Kh6  1-0

[Event "Radulescu Memorial"]
[Site "Calimanesti"]
[Date "1999.??.??"]
[Round "13"]
[White "Romcovici, Victor"]
[Black "Sofronie, Iulian"]
[Result "1-0"]
[WhiteElo "2275"]
[BlackElo "2436"]

1.d4 Nf6 2.Bg5 Ne4 3.Bf4 d5 4.e3 c6 5.Bd3 Qb6 6.Bxe4 dxe4 7.Nd2 Qxb2 8.Nxe4 Bf5
9.f3 Bxe4 10.fxe4 Nd7 11.Ne2 e5 12.Bg3 Qa3 13.c3 Be7 14.O-O O-O 15.Qc2 Rac8
16.Rf5 g6 17.Rf3 c5 18.dxe5 c4 19.Nd4 Qa5 20.e6 fxe6 21.Nxe6 Rf6 22.Rxf6 Bxf6
23.Nd4 Qd8 24.Rb1 b6 25.Qa4 Qe7 26.Rf1 a5 27.Nb5 Ne5 28.Qd1 Rd8 29.Nd4 Bg7
30.Qb1 Qd6 31.Qb5 Qc5 32.Rb1 Ng4 33.Bf4 h6 34.Qxb6 Qxb6 35.Rxb6 g5 36.Bd6 Nxe3
37.e5 Re8 38.Rb5 a4 39.a3 g4 40.g3 h5 41.Ra5 Nd1 42.Ne2 Kf7 43.Ra7+ Kg8 44.Ra5 Kf7
45.Kf1 Kg8 46.Ke1 Ne3 47.Nd4 h4 48.Ke2 Ng2 49.Kf2 h3 50.Nf5 Bf8 51.Rxa4 Bxd6
52.exd6 Re5 53.Ne7+ Kf7 54.Rxc4 Ke6 55.Rd4 Kd7 56.Ng6 Rb5 57.Ke2 Rb2+ 58.Rd2 Rxd2+
59.Kxd2 Kxd6 60.Ke2 Kc5 61.Kf2 Kc4 62.a4  1-0

[Event "Canovelles opA"]
[Site "Canovelles"]
[Date "1999.??.??"]
[Round "8"]
[White "Mas Recorda, P."]
[Black "Munoz Gallego, X."]
[Result "1-0"]
[WhiteElo "2220"]
[BlackElo "2190"]

1.d4 Nf6 2.Bg5 Ne4 3.Bf4 c5 4.d5 Qb6 5.Qc1 e6 6.c4 Bd6 7.Bxd6 Qxd6 8.f3 Nf6
9.e4 O-O 10.Be2 b5 11.Nc3 a6 12.Nh3 exd5 13.cxd5 Qe7 14.Qd2 d6 15.Nf2 Nbd7
16.O-O c4 17.Qd4 Nc5 18.Rae1 Nh5 19.g3 Qg5 20.Kh1 Re8 21.f4 Qh6 22.Kg2 Qg6
23.e5 Bb7 24.Kh1 Ne6 25.Qd2 Qh6 26.Kg1 Nxg3 27.hxg3 Qg6  1-0

[Event "Cappelle op"]
[Site "Cappelle la Grande"]
[Date "1999.??.??"]
[Round "9"]
[White "Agababean, Naira"]
[Black "Kogan, Artur"]
[Result "1/2-1/2"]
[WhiteElo "2352"]
[BlackElo "2499"]

1.d4 Nf6 2.Bg5 Ne4 3.Bf4 c5 4.f3 Nf6 5.d5 d6 6.e4 g6 7.Nc3 Nbd7 8.Qd2 a6
9.a4 Qa5 10.Nge2 b5 11.Nc1 c4 12.Nd1 Qxd2+ 13.Bxd2 Rb8 14.axb5 axb5 15.Bb4 e6
16.dxe6 fxe6 17.Nc3 d5 18.Bxf8 Rxf8 19.exd5 exd5 20.Ra5 Kf7 21.Rxb5 Re8+
22.Kd2 Ba6 23.Ra5 Re6 24.N1e2 Rxb2 25.Nd4 Rd6 26.Be2 Nb8 27.Rha1 Rb7 28.g4 Rbd7
29.h4 Ne8 30.f4 Bb7 31.Ncb5 Rf6 32.f5 Nc6 33.Nxc6 Bxc6 34.Nd4 Nd6 35.g5 Nxf5
36.gxf6 Nxd4 37.Bg4 Rb7 38.Ra7 h5 39.Rxb7+ Bxb7 40.Bxh5 Bc8 41.Bd1 Kxf6 42.Ra8 Bf5
43.c3 Ne6 44.Ke3 Nc7 45.Rb8 Ke5 46.Ba4 Ne6 47.Re8 Kd6 48.Bd1 Nc7 49.Rd8+ Ke7
50.Rb8 Kd6 51.Bf3 Ne6 52.Rb5 Nc5 53.Ra5 Bd7 54.Ra1 Ke5 55.Rg1  1/2-1/2

[Event "CZE-chT2 9899"]
[Site "CZE"]
[Date "1999.??.??"]
[Round "?"]
[White "Vanka, Miloslav"]
[Black "Adamek, Zdenek"]
[Result "1/2-1/2"]
[WhiteElo "2270"]
[BlackElo "2135"]

1.d4 Nf6 2.Bg5 Ne4 3.Bh4 g5 4.f3 gxh4 5.fxe4 c5 6.e3 Bh6 7.Kf2 Qb6 8.Nc3 Qxb2
9.Nb5 cxd4 10.exd4 Kd8 11.Bc4 Qb4 12.Qd3 Qd2+ 13.Qxd2 Bxd2 14.Nf3 Bh6 15.Ne5 Rf8
16.Nxf7+ Rxf7+ 17.Bxf7 Nc6 18.Rad1 d6 19.Bh5 Nb4 20.c3 Nxa2 21.Ra1 Bd7 22.Rxa2 Bxb5
23.Be2 Bc6 24.Bd3 a5 25.Rb1 Kc7 26.Ke2 a4 27.Rf1 Be8 28.Rf5 Bg6 29.Rb5 Bf7
30.c4 Bg7 31.e5 dxe5 32.dxe5 Be8 33.Rd5 Bc6 34.Rd4 Bxe5 35.Rxh4 Bxg2 36.Rxh7 Kd6
37.Rh6+ Kc7 38.Rg6 Bc6 39.h4 a3 40.Re6 Bf6 41.h5 Rh8 42.Bg6 Bd7 43.Re4 Bc6
44.Re3 Bb2 45.Rxe7+ Kd6 46.Re3 Kc5 47.Rexa3 Bxa3 48.Rxa3 Kxc4 49.Rh3  1/2-1/2

[Event "CZE-chT 9899"]
[Site "CZE"]
[Date "1999.??.??"]
[Round "6"]
[White "Jirovsky, Pavel"]
[Black "Babula, Vlastimil"]
[Result "1/2-1/2"]
[WhiteElo "2395"]
[BlackElo "2555"]

1.d4 Nf6 2.Bg5 Ne4 3.h4 c5 4.dxc5 Qa5+ 5.Nd2 Nxg5 6.hxg5 g6 7.Rh4 Nc6 8.Nf3 Bg7
9.c3 Qxc5 10.Nb3 Qb6 11.e3 O-O 12.Bc4 Rd8 13.Qd5 e6 14.Qd6 Ne5 15.Qxb6 Nxf3+
16.gxf3 axb6 17.Bd3 d5 18.f4 f6  1/2-1/2

[Event "EU-ch Union SCIPT"]
[Site "DEN"]
[Date "1999.??.??"]
[Round "6"]
[White "Puschmann, Laszlo"]
[Black "Ahlander, Bjorn"]
[Result "0-1"]
[WhiteElo "2285"]
[BlackElo "2435"]

1.d4 Nf6 2.Bg5 Ne4 3.Bf4 g5 4.Bc1 h6 5.f3 Nd6 6.e4 Bg7 7.Nc3 c6 8.Nge2 Qb6
9.Qd3 Na6 10.a3 c5 11.Nd5 Qd8 12.e5 c4 13.Qc3 Nf5 14.Qxc4 d6 15.Qb5+ Kf8
16.f4 dxe5 17.dxe5 b6 18.Nec3 Nc5 19.Qe2 Bb7 20.Qd1 gxf4 21.Bxf4 Ne6 22.Bc4 Nxf4
23.Nxf4 Ne3 24.Qd3 Qxd3 25.Bxd3 Bxe5 26.Nce2 Bxb2 27.Ra2 Be5 28.Kf2 Ng4+
29.Kg3 Rg8 30.Re1 Rd8 31.h3 Ne3+  0-1

[Event "Cataluna-ch U20"]
[Site "ESP"]
[Date "1999.??.??"]
[Round "?"]
[White "Pinero, Xavier"]
[Black "Baches Garcia, Guillermo"]
[Result "0-1"]
[WhiteElo "2145"]
[BlackElo "2260"]

1.d4 Nf6 2.Bg5 Ne4 3.Bf4 c5 4.f3 Nf6 5.d5 d6 6.e4 e5 7.Be3 Be7 8.Qd2 O-O
9.Nc3 Ne8 10.Nge2 Na6 11.g4 Bh4+ 12.Ng3 h6 13.O-O-O Nac7 14.Kb1 Rb8 15.Nf5 Bxf5
16.exf5 b5 17.Rg1 f6 18.Ne4 Kh7 19.Bf2 Bg5 20.Nxg5+ fxg5 21.h4 gxh4 22.g5 hxg5
23.Rxg5 Nf6 24.Bxh4 Ncxd5 25.Qh2 Qd7 26.Bg3+ Kg8 27.Bd3 Qe7 28.Rh1 Kf7 29.Be4 Rh8
30.Bxd5+ Nxd5 31.Rh5 Rhg8 32.Bh4 Qd7 33.Rg5 b4 34.Qg3 Nc3+ 35.bxc3 bxc3+
36.Kc1 Qb7 37.Kd1 Qd5+  0-1

[Event "Tres Peons op"]
[Site "ESP"]
[Date "1999.??.??"]
[Round "1"]
[White "Gonzalez Garcia, Marc"]
[Black "Vidarte Morales, Arturo"]
[Result "0-1"]
[WhiteElo "2075"]
[BlackElo "2425"]

1.d4 Nf6 2.Bg5 Ne4 3.Bf4 c5 4.f3 Nf6 5.dxc5 Qa5+ 6.Nc3 Qxc5 7.e4 d6 8.Qd2 g6
9.Be3 Qa5 10.Nb5 Qd8 11.e5 a6 12.exf6 axb5 13.fxe7 Qxe7 14.Bxb5+ Nc6 15.Kf2 Bg7
16.c3 O-O 17.Ne2 Be6 18.a3 Ne5 19.Rhe1 Bc4 20.Bxc4 Nxc4 21.Qc1 Rfe8 22.Bd4 Qh4+
23.Kg1 Bh6 24.f4 Re6 25.g3 Qg4 26.b3 Na5 27.Qc2 Rae8 28.Ra2 Bxf4 29.Bf2 Bh6
30.Bb6 Nc6 31.Bf2 Qf3 32.Qd1 Bg7 33.Rd2 h5 34.h3 h4 35.Rd3 Qf6 36.g4 Ne5
37.Nd4 Nxd3  0-1

[Event "Tres Peons op"]
[Site "ESP"]
[Date "1999.??.??"]
[Round "5"]
[White "Valarezo Ricard, Pere"]
[Black "Lazaro Porta, Angel"]
[Result "1-0"]
[WhiteElo "2035"]
[BlackElo "2130"]

1.d4 Nf6 2.Bg5 Ne4 3.Bh4 c6 4.c3 d5 5.f3 Nd6 6.Nd2 Bf5 7.Qb3 Qc8 8.e3 Nd7
9.g4 Bg6 10.Bg2 Nb6 11.Bf2 h5 12.g5 h4 13.h3 f5 14.f4 Ne4 15.Ngf3 Bh5 16.Bxh4 Bxf3
17.Nxf3 Nc4 18.Bf2 a5 19.Qc2 a4 20.Ne5 Nxe5 21.dxe5 g6 22.Bxe4 fxe4 23.h4 e6
24.Qe2 Qc7 25.h5 Qh7 26.h6 Qc7 27.O-O Bc5 28.b4 axb3 29.axb3  1-0

[Event "Cataluna-chT"]
[Site "ESP"]
[Date "1999.??.??"]
[Round "7"]
[White "Mundet Riera, J."]
[Black "Casas Douton, D."]
[Result "0-1"]
[WhiteElo "2240"]
[BlackElo "2355"]

1.d4 Nf6 2.Bg5 Ne4 3.Bf4 d5 4.Nd2 Bf5 5.e3 Nxd2 6.Qxd2 c6 7.Bd3 Bxd3 8.Qxd3 Qb6
9.b3 Nd7 10.Nf3 e6 11.O-O Be7 12.c4 O-O 13.Ng5 Bxg5 14.Bxg5 Rfe8 15.Rac1 Qa5
16.c5 e5 17.Qc3 Qxc3 18.Rxc3 exd4 19.exd4 Re4 20.Be3 Rae8 21.Rd3 f5 22.g3 h6
23.Re1 f4 24.gxf4 Rxf4 25.Bxf4 Rxe1+ 26.Kg2 Nf6 27.Re3 Rxe3 28.fxe3 Ne4 29.a4 a6
30.h4 Kf7 31.Be5 g6 32.Kh3 Ke6 33.Kg2 Nxc5 34.Bf4 Nxb3 35.Bxh6 Kf5 36.Kf3 b5
37.Bf8 Nd2+ 38.Ke2 Ne4 39.axb5 cxb5 40.Kd3 a5 41.Be7 Kg4 42.Bd8 a4 43.Be7 Kf3  0-1

[Event "Tres Peons op"]
[Site "ESP"]
[Date "1999.??.??"]
[Round "9"]
[White "Serrano Pertinez, Miguel"]
[Black "Rivero Ojeda, C."]
[Result "0-1"]
[WhiteElo "2210"]
[BlackElo "2075"]

1.d4 Nf6 2.Bg5 Ne4 3.Bf4 c5 4.f3 Nf6 5.d5 Qb6 6.Bc1 g6 7.g3 h5 8.Nh3 h4 9.g4 Bg7
10.Na3 d6 11.c3 Nbd7 12.Nc4 Qc7 13.a4 b6 14.e4 a6 15.Bg5 Rb8 16.Na3 Ne5 17.Be2 c4
18.Nf2 b5 19.axb5 axb5 20.Nc2 Ned7 21.O-O Nc5 22.Nb4 Bb7 23.Qe1 Nfd7 24.Bd1 Ra8
25.Bc2 Na6 26.Nxa6 Rxa6 27.Rxa6 Bxa6 28.Qe2 Qa5 29.Be3 O-O 30.Qd2 Ne5 31.Nh3 Qa2
32.Bb1 Qxb1 33.Rxb1 Nxf3+ 34.Kg2 Nxd2 35.Bxd2 Bb7 36.Bg5 e6 37.Rd1 exd5 38.exd5 Re8
39.Rd2 Re5 40.Bxh4 Rxd5 41.Rxd5 Bxd5+ 42.Kf1 Be6 43.Be7 Be5 44.Nf2 Bxh2 45.g5 Bf5
46.Ke2 Bf4 47.Kf3 Bc1  0-1

[Event "FRA-chT 9899"]
[Site "FRA"]
[Date "1999.??.??"]
[Round "11"]
[White "Neuillet, Alexandre"]
[Black "Relange, Eloi"]
[Result "0-1"]
[WhiteElo "2210"]
[BlackElo "2478"]

1.d4 Nf6 2.Bg5 Ne4 3.Bf4 c5 4.f3 Qa5+ 5.c3 Nf6 6.Nd2 cxd4 7.Nb3 Qb6 8.Qxd4 Nc6
9.Qxb6 axb6 10.Be3 b5 11.Bd2 e6 12.a3 d5 13.e3 Na7 14.Nh3 e5 15.Nf2 Bd6 16.Nd3 O-O
17.Be2 Bd7 18.Rd1 Nc8 19.Nb4 Nb6 20.Bc1 Bc6 21.O-O Bc7 22.f4 Nc4 23.fxe5 Bxe5
24.Nd4 Rac8 25.Bf3 Rfe8 26.g3 Bd6 27.Rfe1 Bxb4 28.axb4 Ra8 29.Re2 Ne4 30.Kf1 g6
31.Ke1 h5 32.Bxe4 dxe4 33.Rf2 Ne5 34.Rf6 Kg7 35.Rd6 Nc4 36.Nxc6 Nxd6 37.Rxd6 bxc6
38.Rxc6 Rec8 39.Rb6 Rd8 40.Bd2 Ra1+  0-1

[Event "BCF-chTB 98/99"]
[Site "GBR"]
[Date "1999.??.??"]
[Round "6"]
[White "Povah, Nigel E"]
[Black "Dineley, Richard"]
[Result "1/2-1/2"]
[WhiteElo "2335"]
[BlackElo "2270"]

1.d4 Nf6 2.Bg5 Ne4 3.Bf4 d5 4.e3 e6 5.Bd3 b6 6.Nf3 Bb7 7.Ne5 Be7 8.c3 O-O
9.Qh5 Nd7 10.Nxd7 Qxd7 11.f3 Nf6 12.Qh3 Qd8 13.g4 g6 14.Nd2 a6 15.O-O-O Re8
16.Qg3 Rc8 17.h4 Nd7 18.g5 Bf8 19.h5 Bg7 20.Qh2 e5 21.hxg6 hxg6 22.dxe5 Nxe5
23.Bc2 c5 24.Ne4 Qe7 25.Qh7+ Kf8 26.Nf6 Bxf6 27.gxf6 Qxf6 28.Bh6+ Ke7 29.Bg7 Qd6
30.f4 Nc4 31.Rhe1 Kd7 32.b3 Na3 33.Be5 Qe7 34.Be4 Rh8 35.Qg7 Rcg8 36.Qf6 Qxf6
37.Bxf6 Rh2 38.c4 Ke6 39.Bb2 dxe4 40.Bxa3 Rgh8 41.Bb2 f6 42.Rg1 R2h6 43.a4 Ke7
44.Rg2 Bc8 45.a5 b5 46.cxb5 axb5 47.Rd5 Rh1+ 48.Kc2 R1h2 49.Rxh2 Rxh2+ 50.Kb1 Rh5
51.Rd2 b4 52.Rg2 Rh6 53.Rc2 Rh5 54.Rg2 Rh6  1/2-1/2

[Event "Hessenliga 9899"]
[Site "GER"]
[Date "1999.??.??"]
[Round "?"]
[White "Deuster, Heinz Juergen"]
[Black "Mai, Philipp"]
[Result "0-1"]
[WhiteElo "2190"]
[BlackElo "2240"]

1.d4 Nf6 2.Bg5 Ne4 3.Bf4 c5 4.f3 Qa5+ 5.c3 Nf6 6.d5 e6 7.e4 exd5 8.exd5 d6
9.Na3 Be7 10.Qd2 O-O 11.Nc4 Qc7 12.a4 Re8 13.Kf2 Bf8 14.Ne2 Nbd7 15.Ng3 g6
16.h4 h5 17.Rd1 b6 18.Bg5 Bb7 19.Ne3 a6 20.c4 Bg7 21.Nc2 Nh7 22.b3 f5 23.Bd3 Ne5
24.Rde1 Nxg5 25.hxg5 Qf7 26.Ne2 Bc8 27.Nf4 Bd7 28.Re2 Qe7 29.Nxg6 Nxd3+ 30.Qxd3 Qxg5
31.Nh4 Rxe2+ 32.Kxe2 Re8+ 33.Kd1 Bh6  0-1

[Event "Oberliga Ost B9899"]
[Site "GER"]
[Date "1999.??.??"]
[Round "?"]
[White "Bouaraba, Max"]
[Black "Eckhardt, Thorsten"]
[Result "1-0"]
[WhiteElo "2200"]
[BlackElo "2245"]

1.d4 Nf6 2.Bg5 Ne4 3.Bf4 c5 4.f3 Nf6 5.d5 d6 6.e4 g6 7.Qd2 Bg7 8.Nc3 a6 9.a4 Qa5
10.Ra3 Nbd7 11.Nge2 h5 12.Nc1 Ne5 13.Bg5 Qc7 14.Be2 O-O 15.f4 Ned7 16.O-O Re8
17.e5 dxe5 18.f5 c4 19.fxg6 fxg6 20.Kh1 Kh7 21.b3 Qd6 22.Ra2 cxb3 23.Nxb3 Nb6
24.Bxf6 exf6 25.a5 Nd7 26.Ne4 Qe7 27.d6 Qe6 28.Ra4 Rd8 29.Bc4 Qe8 30.Bf7 Qh8
31.Rc4 Nf8 32.Rc7 Bd7 33.Nbc5 Bh6 34.Qd5 f5 35.Nxd7 Rxd7 36.Bg8+  1-0

[Event "Oberliga Nord O9899"]
[Site "GER"]
[Date "1999.??.??"]
[Round "?"]
[White "Ribic, Kasmir"]
[Black "Trenner, Rolf"]
[Result "1/2-1/2"]
[WhiteElo "2285"]
[BlackElo "2275"]

1.d4 Nf6 2.Bg5 Ne4 3.Bf4 d5 4.f3 Nf6 5.e4 dxe4 6.Nc3 Nd5 7.Nxd5 Qxd5 8.Bxc7 Nc6
9.c3 g6 10.fxe4 Qxe4+ 11.Qe2 Bf5 12.Nf3 Bh6 13.Qxe4 Bxe4 14.Kf2 Rc8 15.Bg3 O-O
16.Bb5 a6 17.Ba4 b5  1/2-1/2

[Event "NRW-Liga II 9899"]
[Site "GER"]
[Date "1999.??.??"]
[Round "6"]
[White "Kinsman, Andrew PH"]
[Black "Beckmann, Klaus"]
[Result "1-0"]
[WhiteElo "2385"]
[BlackElo "2220"]

1.d4 Nf6 2.Bg5 Ne4 3.Bf4 d5 4.e3 e6 5.Bd3 f5 6.Nf3 Bd6 7.Nbd2 O-O 8.O-O Nc6
9.a3 Ne7 10.Bxd6 cxd6 11.c4 Nxd2 12.Qxd2 dxc4 13.Bxc4 d5 14.Bd3 Bd7 15.Rfc1 Ng6
16.b4 Rc8 17.Rxc8 Qxc8 18.Rc1 Qb8 19.Rc5 Rc8 20.Qc2 b6 21.Rxc8+ Qxc8 22.Qxc8+ Bxc8
23.h3 Bd7 24.g4 Ne7 25.Kg2 h6 26.Kg3 g6 27.Kf4 fxg4 28.hxg4 Nc6 29.Bxg6 Kg7
30.Bd3 Kf6 31.Ne5 Nb8 32.Kg3 Be8 33.f4 Bd7 34.Kh4 Be8 35.Kh3 Bd7 36.Kg3 Be8
37.Kh4 a5 38.Kg3 axb4 39.axb4 Bd7 40.Nxd7+ Nxd7 41.Kf3 Ke7 42.g5 hxg5 43.fxg5 e5
44.Bf5  1-0

[Event "GER-ch 11th Seniors"]
[Site "Germany"]
[Date "1999.??.??"]
[Round "?"]
[White "Schatzberg, Wolfgang"]
[Black "Fronczek, Heinrich"]
[Result "0-1"]
[WhiteElo "1950"]
[BlackElo "2295"]

1.d4 Nf6 2.Bg5 Ne4 3.Bf4 d5 4.f3 Nf6 5.Nc3 Bf5 6.g4 Bg6 7.h4 h6 8.Qd2 e6
9.Nh3 a6 10.Nf2 c5 11.dxc5 Bxc5 12.Nd3 Bxd3 13.cxd3 Nc6 14.e3 e5 15.Bg3 O-O
16.a3 d4 17.exd4 Nxd4 18.Qd1 Nd5 19.Nxd5 Qxd5 20.Be2 f5 21.g5 h5 22.Bf2 b5
23.b4 Bb6 24.Rc1 Rac8 25.Rxc8 Rxc8 26.O-O Rc1 27.Qd2 Nxf3+ 28.Bxf3 Rxf1+
29.Kxf1 Qxf3 30.g6 Qxf2+ 31.Qxf2 Bxf2 32.Kxf2 Kf8 33.Ke3 Ke7 34.d4 e4  0-1

[Event "GER-ch 11th Seniors"]
[Site "Germany"]
[Date "1999.??.??"]
[Round "?"]
[White "Kunath, Werner"]
[Black "Maugg, Ludwig"]
[Result "0-1"]
[WhiteElo "1965"]
[BlackElo "2160"]

1.d4 Nf6 2.Bg5 Ne4 3.Bf4 c5 4.d5 Qa5+ 5.c3 d6 6.f3 Nf6 7.Nd2 Qc7 8.e4 g6
9.a4 Bg7 10.Bc4 O-O 11.Ne2 Nbd7 12.O-O b6 13.Ng3 h5 14.Qe2 a6 15.Qe3 Ne5
16.Be2 e6 17.c4 exd5 18.cxd5 Re8 19.Qb3 Rb8 20.Nc4 Nxc4 21.Bxc4 b5 22.Be2 h4
23.Nh1 bxa4 24.Qxa4 Rxb2 25.Bxa6 Bxa6 26.Qxa6 Nxd5 27.Bxd6 Bd4+ 28.Nf2 Qd8
29.e5 Ne3 30.Rfb1 Qg5  0-1

[Event "DDMM (Women)"]
[Site "Germany"]
[Date "1999.??.??"]
[Round "4.7"]
[White "Wagner, Ariane"]
[Black "Boenisch, Annika"]
[Result "1-0"]
[WhiteElo "2030"]
[BlackElo "2085"]

1.d4 Nf6 2.Bg5 Ne4 3.Bh4 c5 4.f3 Nf6 5.dxc5 e6 6.Nd2 Bxc5 7.e4 Be7 8.Bd3 O-O
9.f4 Nc6 10.Ngf3 Nb4 11.Qe2 Nxd3+ 12.Qxd3 d6 13.O-O-O b6 14.Rhg1 Bb7 15.g4 d5
16.Bxf6 Bxf6 17.e5 Be7 18.h4 Re8 19.Ng5 g6 20.Ndf3 d4 21.Nxd4 Qd5 22.Nb3 Qxd3
23.Rxd3 Red8 24.Rgd1 Rxd3 25.Rxd3 Rd8 26.Rxd8+ Bxd8 27.Nd4 Be7 28.Kd2 h6
29.Ngf3 Kf8 30.a3 Ke8 31.b4 Kd7 32.c4 a5 33.bxa5 Bxa3 34.axb6 Bc5 35.Nb3 Bxb6
36.Nfd4 Bd8 37.Nc5+ Kc8 38.Nb5 Bf3 39.Nd6+ Kc7 40.Nxf7 Bxg4 41.Nxd8 Kxd8
42.Nb7+ Kd7 43.Nd6 Kc6 44.Kc3 Bh3 45.Kb4 h5 46.Nb5 Kb6 47.Nd4 Kc7 48.Kc5 Bg4
49.Nb5+ Kd7 50.Kb6 Be2 51.c5 Bf3 52.Nd4 Bd5 53.c6+  1-0

[Event "Gonfreville op"]
[Site "Gonfreville"]
[Date "1999.??.??"]
[Round "4"]
[White "Eliet, Nicolas"]
[Black "Degraeve, Jean Marc"]
[Result "0-1"]
[WhiteElo "2408"]
[BlackElo "2536"]

1.d4 Nf6 2.Bg5 Ne4 3.Bf4 d5 4.e3 c5 5.Bd3 Nf6 6.c3 Nc6 7.Nd2 Bg4 8.Ngf3 e6
9.O-O Bd6 10.dxc5 Bxc5 11.Qa4 O-O 12.Ne5 Nxe5 13.Bxe5 Bh5 14.Qh4 Bg6 15.Bxg6 hxg6
16.Bxf6 gxf6 17.Nb3 Be7 18.Qh6 f5 19.f4 Bf6 20.Rad1 Qb6 21.Rf3 a5 22.Rh3 Rfe8
23.Rd2 a4 24.Nd4 a3 25.b3 Rac8 26.Ne2 Rc7 27.Rg3 Bg7 28.Qg5 Qc5 29.Rf3 Rec8  0-1

[Event "Gyongyos op"]
[Site "Gyongyos"]
[Date "1999.??.??"]
[Round "6"]
[White "Monus, Zoltan"]
[Black "Goreskul, Alyona"]
[Result "0-1"]
[WhiteElo "2185"]
[BlackElo "2125"]

1.d4 Nf6 2.Bg5 Ne4 3.Bf4 f5 4.f3 Nf6 5.e4 fxe4 6.fxe4 Nxe4 7.Bd3 Nf6 8.g4 g6
9.g5 Nh5 10.Be5 Bg7 11.Bxg7 Nxg7 12.h4 d5 13.h5 Qd6 14.Qf3 Rf8 15.Qe3 Nf5
16.Bxf5 Bxf5 17.Kd2 Nc6 18.Nc3 O-O-O 19.hxg6 hxg6 20.Nf3 Be4 21.Nxe4 dxe4
22.Qxe4 Rf4 23.Qe3 Nxd4 24.Nxd4 Rxd4+ 25.Ke2 Rd2+ 26.Ke1 Rd1+  0-1

[Event "Gyongyos op"]
[Site "Gyongyos"]
[Date "1999.??.??"]
[Round "9"]
[White "Monus, Zoltan"]
[Black "Parkanyi, Attila"]
[Result "1/2-1/2"]
[WhiteElo "2185"]
[BlackElo "2310"]

1.d4 Nf6 2.Bg5 Ne4 3.Bf4 c5 4.d5 d6 5.f3 Nf6 6.e4 g6 7.Nc3 Bg7 8.Nge2 a6
9.a4 O-O 10.g4 Nbd7 11.Ng3 Ne5 12.Be2 Qb6 13.Ra3 Rd8 14.Qd2 e6 15.a5 Qc7
16.Bh6 Bh8 17.h4 exd5 18.Nxd5 Nxd5 19.exd5 Re8 20.Kd1 Bd7 21.c4 b5 22.axb6 Qxb6
23.h5 Rab8 24.hxg6 fxg6 25.b3 Ra8 26.Qa5 Qb8 27.Bd2 Bf6 28.g5 Bg7 29.Rh4 Bf5
30.Nxf5 gxf5 31.b4 Ng6 32.Rh1 Bd4 33.Bd3 Rf8 34.Kc2 Ne5 35.f4 Ng6 36.Rb3 Qc8
37.bxc5 Bxc5 38.Rf1 Qd7 39.Rfb1 Ra7 40.Rb8 Rc8 41.Qa1 Ne7 42.Rxc8+ Qxc8 43.Qf6 Nxd5
44.Qxf5 Qxf5 45.Bxf5 Ne3+ 46.Bxe3 Bxe3 47.Be6+ Kg7 48.Rf1 Re7 49.Bd5 Kg6
50.f5+ Kxg5 51.f6 Re8 52.f7 Rf8 53.Ra1  1/2-1/2

[Event "Havana Provincial-B"]
[Site "Havana"]
[Date "1999.??.??"]
[Round "?"]
[White "Diaz, Dagoberto"]
[Black "Hernandez, Holden"]
[Result "0-1"]
[WhiteElo "2210"]
[BlackElo "2325"]

1.d4 Nf6 2.Bg5 Ne4 3.Bf4 c5 4.f3 Qa5+ 5.c3 Nf6 6.d5 Qb6 7.Bc1 e6 8.e4 d6
9.c4 g6 10.Nc3 Bg7 11.Bd3 O-O 12.Nge2 Nbd7 13.O-O Ne5 14.Ng3 exd5 15.exd5 Nxd3
16.Qxd3 Re8 17.b3 a6 18.Bb2 Qd8 19.Rae1 h5 20.Qd2 h4 21.Nce4 Nh7 22.Bxg7 Kxg7
23.Qc3+ f6 24.Ne2 b5 25.Nf4 b4 26.Qa1 Ra7 27.a3 bxa3 28.Qxa3 f5 29.Qa1+ Kh6
30.Nf2 Rae7 31.Qc1 g5 32.N4d3 a5 33.Qc3 Kg6 34.Ra1 Ra7 35.Ra2 Qf6 36.Qd2 a4
37.Re1 Rxe1+ 38.Nxe1 Qg7 39.Rxa4 Rxa4 40.bxa4 Qa1 41.a5 Qa4 42.Ned3 Qxc4
43.Qe2 Qa4 44.h3 Nf6 45.f4 g4 46.hxg4 fxg4 47.g3 hxg3 48.Nh1 Qd4+ 49.Kg2 Qxd5+
50.Kg1 Qd4+ 51.Kf1 Ba6 52.Ne5+ dxe5 53.f5+ Kg5 54.Qxa6 Qd1+ 55.Kg2 Qd2+  0-1

[Event "Havana Provincial-B"]
[Site "Havana"]
[Date "1999.??.??"]
[Round "?"]
[White "Diaz, Dagoberto"]
[Black "Marcel, R."]
[Result "0-1"]
[WhiteElo "2210"]
[BlackElo "2000"]

1.d4 Nf6 2.Bg5 Ne4 3.Bf4 c5 4.f3 Qa5+ 5.c3 Nf6 6.d5 d6 7.e4 g6 8.Qd2 Bg7
9.Na3 Nbd7 10.Nh3 O-O 11.g4 Ne5 12.Be2 Rb8 13.Bxe5 dxe5 14.Qg5 Ne8 15.Nc4 Qc7
16.a4 Nd6 17.Nf2 b6 18.h4 h6 19.Qd2 Nxc4 20.Bxc4 a6 21.h5 b5 22.Be2 g5 23.c4 b4
24.Nd3 Bb7 25.Bd1 Rfd8 26.Bb3 a5 27.Qe3 Rbc8 28.Rd1 e6 29.Rc1 Qe7 30.Nf2 Ba6
31.Bd1 Qf6 32.Nd3 Bf8 33.O-O Bd6 34.Rc2 Qe7 35.b3 Rf8 36.Re2 Rce8 37.Bc2 Bc8
38.Nf2 f5 39.exf5 exf5 40.Qd3 Qf7 41.gxf5 Qxh5 42.f6 e4 43.Nxe4 Bf5 44.Qd1 Be5
45.Ng3 Bxc2 46.Nxh5 Bxd1 47.Rxd1 Bd4+ 48.Kf1 Rxe2 49.Kxe2 Re8+ 50.Kf1 Re3
51.Kg2 Kf7 52.Rb1 Bxf6 53.Nxf6 Kxf6 54.Rh1 Rxb3 55.Rxh6+ Ke7 56.Rc6 Ra3 57.Rxc5 Rxa4
58.Rc7+ Kd6 59.Rc6+ Kd7 60.Rh6 b3 61.c5 b2 62.c6+ Kc7 63.Rh7+ Kd6 64.Rd7+ Ke5
65.Rb7 Kxd5 66.c7 Rc4 67.Kg3 Rxc7 68.Rxb2 Rc5 69.Kg4 a4 70.Rd2+ Kc6 71.Ra2 Ra5
72.Rc2+ Kb6 73.Rb2+ Rb5 74.Ra2 Ka5 75.Rc2 a3 76.Rc8 Ka4 77.Ra8+ Kb3 78.Rh8 a2
79.Rh1 Ka3 80.Re1 Rb1  0-1

[Event "Havana Provincial"]
[Site "Havana"]
[Date "1999.??.??"]
[Round "?"]
[White "Ibanez, Dagoberto"]
[Black "Rabelo Gil, Eddy"]
[Result "1-0"]
[WhiteElo "2235"]
[BlackElo "2331"]

1.d4 Nf6 2.Bg5 Ne4 3.Bf4 c5 4.f3 Qa5+ 5.c3 Nf6 6.d5 Qb6 7.Bc1 e6 8.e4 exd5
9.exd5 Be7 10.Na3 d6 11.Nc4 Qd8 12.Ne3 O-O 13.Bd3 Nbd7 14.Ne2 Ne5 15.Bc2 Re8
16.O-O Bf8 17.Ng3 Rb8 18.a4 b6 19.c4 g6 20.b3 Bg7 21.Ra2 Rb7 22.Bb1 Rbe7
23.Nc2 a6 24.Bf4 b5 25.axb5 axb5 26.Na3 bxc4 27.Nxc4 Nxc4 28.bxc4 Qb6 29.Kh1 Ba6
30.Bd3 Ra7 31.Re2 Raa8 32.Qd2 Nd7 33.Rb1 Qc7 34.Ne4 Ne5 35.Ree1 f6 36.Bxe5 Rxe5
37.f4 Re7 38.h3 Bc8 39.Qc3 Bf5 40.Nxf6+ Bxf6 41.Qxf6 Rxe1+ 42.Rxe1 Rf8 43.Qh4  1-0

[Event "Helsinki We I HSK"]
[Site "Helsinki"]
[Date "1999.??.??"]
[Round "4"]
[White "Paasikangas, Johanna"]
[Black "Nouro, Mikael"]
[Result "1/2-1/2"]
[WhiteElo "2279"]
[BlackElo "2354"]

1.d4 Nf6 2.Bg5 Ne4 3.h4 c5 4.d5 d6 5.Nd2 Nxg5 6.hxg5 e5 7.dxe6 Bxe6 8.f4 d5
9.e3 Qb6 10.Nb3 Nc6 11.a4 c4 12.Nd4 Qxb2 13.Nge2 Nxd4 14.Nxd4 Qc3+ 15.Kf2 Bc5
16.Be2 O-O 17.Bd3 g6 18.Nb5 Qg7 19.Be2 f6 20.gxf6 Rxf6 21.g3 g5 22.Bf3 Re8
23.Nd4 Kh8 24.c3 Bg8 25.Rh5 Qe7 26.Qd2 gxf4 27.gxf4 Qg7 28.Rg1 Rg6 29.Rhg5 Rxg5
30.Rxg5 Qh6 31.Kg3 Bf7 32.Nf5 Qe6 33.Qh2 Bxe3 34.Qh6 Qxh6 35.Nxh6 Bg6 36.Bxd5 Rf8
37.Rg4 Kg7 38.f5 Kxh6 39.fxg6 hxg6 40.Bxb7 Bf2+ 41.Kg2 Be1 42.Rxc4 Rf2+ 43.Kg1 Rc2
44.Kf1 Bxc3 45.Be4 Rc1+ 46.Kg2 Re1 47.Bxg6 Kxg6 48.Rxc3 Ra1 49.Rc6+ Kf5 50.Ra6 Ke5
51.Rxa7 Kd5 52.Kf3  1/2-1/2

[Event "Hessen-ch int"]
[Site "Hessen"]
[Date "1999.??.??"]
[Round "4"]
[White "Senk, Christian"]
[Black "Becker, Michael"]
[Result "1/2-1/2"]
[WhiteElo "2145"]
[BlackElo "1795"]

1.d4 Nf6 2.Bg5 Ne4 3.Bf4 d6 4.f3 Nf6 5.e4 e6 6.c4 Be7 7.Nc3 O-O 8.Qd2 c5
9.dxc5 dxc5 10.O-O-O Qxd2+ 11.Rxd2 a6 12.e5 Nfd7 13.Bg3 Nc6 14.f4 Rb8 15.Nf3 Rd8
16.Be2 b6 17.Rhd1 Kf8 18.h4 Ke8 19.Bf2 Bb7 20.Bd3 Nf8 21.h5 Nb4 22.Bb1 Rxd2
23.Rxd2 Rd8 24.a3 Rxd2 25.Nxd2 Nc6 26.Nde4 Nd7 27.g4 Kd8 28.g5 g6 29.h6 Kc7
30.Kd2 Na5 31.Kd3 Bc6 32.a4 Nb7 33.Bg3 a5 34.Bc2 Kd8 35.Nb5 Bxb5 36.axb5 Kc7
37.Kc3 Kd8 38.Nf2 Kc8 39.Be4 Kc7 40.Ng4 Nd8 41.Kd3 Kc8 42.Nf2 Nb7 43.Nd1 Nd8
44.Nc3 Kc7 45.Na4 Bf8 46.f5 Be7 47.f6 Bf8 48.Bf3 Nb8 49.Nc3 Nd7 50.Nd5+ Kc8
51.Ne7+ Kc7 52.Be4 Nb8 53.Nd5+ Kb7 54.Nb4+ Kc7 55.Na6+ Kc8 56.Nxb8  1/2-1/2